We Can Do Better : A Departure into the world to tomorrow (Record no. 41518)
[ view plain ]
| 000 -LEADER | |
|---|---|
| fixed length control field | 00352nam a22001337a 4500 |
| 005 - DATE AND TIME OF LATEST TRANSACTION | |
| control field | 20240823115506.0 |
| 008 - FIXED-LENGTH DATA ELEMENTS--GENERAL INFORMATION | |
| fixed length control field | 240823b |||||||| |||| 00| 0 eng d |
| 020 ## - INTERNATIONAL STANDARD BOOK NUMBER | |
| International Standard Book Number | 9781915590565 |
| 082 ## - DEWEY DECIMAL CLASSIFICATION NUMBER | |
| Item number | 33561 |
| 245 ## - TITLE STATEMENT | |
| Title | We Can Do Better : A Departure into the world to tomorrow |
| 260 ## - PUBLICATION, DISTRIBUTION, ETC. | |
| Place | Uk |
| Publisher | Scribe Publication |
| Publication Year | 2024 |
| 365 ## - TRADE PRICE | |
| Price amount | 998 |
| Currency code | Rs. |
| 942 ## - ADDED ENTRY ELEMENTS (KOHA) | |
| Koha item type | Books |
| Withdrawn status | Lost status | Source of classification or shelving scheme | Damaged status | Not for loan | Home library | Current library | Shelving location | Accession Date | Price | Bill number | Total Checkouts | Full call number | Barcode No | Date last seen | Date last checked out | Bill Date | Koha item type |
|---|---|---|---|---|---|---|---|---|---|---|---|---|---|---|---|---|---|
| Dewey Decimal Classification | IMTN | IMTN | Rack 40-B | 08/23/2024 | 998.00 | IN-56570 | 3 | 823 GOP | 33561 | 11/17/2024 | 11/06/2024 | Books |